| 000 | 00498nam a2200193Ia 4500 | ||
|---|---|---|---|
| 005 | 20240202110001.0 | ||
| 008 | 131103s9999 xx 000 0 und d | ||
| 040 | _aLoreto College | ||
| 041 | _aEnglish | ||
| 082 |
_a370.1 _bNUN |
||
| 100 | _aNunn, Sir Percy | ||
| 245 |
_aEducation, _b Its Data and first Principles, _cSir Percy Nunn |
||
| 260 |
_aLondon _bEdward arnold _c1963 |
||
| 300 | _a283p. | ||
| 504 | _aIncludes index | ||
| 650 | _aEducation | ||
| 850 | _aLCLIB | ||
| 942 | _cBK | ||
| 999 |
_c23369 _d73848 |
||